| 000 | 00337nam a2200109Ia 4500 | ||
|---|---|---|---|
| 008 | 200302s9999 xx 000 0 und d | ||
| 100 | _aDebra Waters | ||
| 245 | _aA Mat Erial Life Malcolm Holzman Faia Adventures and Descoveries in Materials Research | ||
| 260 | _bThe Images Publishing Group Pvt. Ltd. | ||
| 260 | _c2008 | ||
| 300 | _a228 P., | ||
| 999 |
_c3933 _d3933 |
||